[Event "Mittelfrankenliga 05/06 (B2a)"]
[Site "Mfr.2005/06-R2"]
[Date "2005.11.20"]
[Round "2.8"]
[White "Hartmann, Rainer"]
[Black "Balhar, Michael"]
[Result "1-0"]
[WhiteElo "1805"]
[BlackElo "1638"]
[Annotator "Lauf1-SG/TB Erlangen2"]
[PlyCount "101"]
[EventDate "2005.11.20"]
[SourceDate "2005.10.17"]

1. e4 d5 2. exd5 Qxd5 3. Nc3 Qa5 4. Nf3 Nf6 5. Be2 Bg4 6. d3 c6 7. Bd2 Qc7 8.
Nd4 Qe5 9. Be3 Bxe2 10. Qxe2 Nbd7 11. f4 Qh5 12. Qxh5 Nxh5 13. O-O e5 14. fxe5
g6 15. e6 Ne5 16. exf7+ Nxf7 17. Ne6 Ke7 18. Nxf8 Rhxf8 19. Rae1 Kd7 20. Bc5
Nd6 21. Ne4 Rxf1+ 22. Rxf1 Nxe4 23. dxe4 b6 24. Bd4 Re8 25. Rf7+ Re7 26. Rxe7+
Kxe7 27. g3 c5 28. Bc3 b5 29. a3 a6 30. Kf2 h6 31. Kf3 Nf6 32. Bxf6+ Kxf6 33.
h4 c4 34. g4 g5 35. hxg5+ hxg5 36. Ke3 Ke5 37. b3 a5 38. a4 bxa4 39. bxa4 c3
40. Kd3 Kf4 41. Kd4 Kxg4 42. e5 Kf5 43. Kd5 g4 44. e6 Kf4 45. e7 Ke3 46. e8=Q+
Kd2 47. Qe4 Kc1 48. Qg2 g3 49. Kd4 Kb2 50. Kd3 Ka3 51. Kxc3 1-0

[Event "Mittelfrankenliga 05/06 (B2a)"]
[Site "Mfr.2005/06-R2"]
[Date "2005.11.20"]
[Round "2.1"]
[White "Rohrbach, Frank"]
[Black "Kalender, Benjamin"]
[Result "1-0"]
[WhiteElo "2079"]
[BlackElo "2049"]
[Annotator "Forchheim3-Eckental1"]
[PlyCount "97"]
[EventDate "2005.11.20"]
[SourceDate "2005.10.17"]

1. d4 f5 2. g3 Nf6 3. Bg2 g6 4. c4 Bg7 5. Nc3 O-O 6. Nh3 Nc6 7. Nf4 e5 8. dxe5
Nxe5 9. b3 c6 10. O-O Qe7 11. a4 d6 12. Ba3 Rd8 13. Ra2 a5 14. Rd2 Nf7 15. Qc2
g5 16. Nd3 Ne4 17. Nxe4 fxe4 18. Nc1 Bf5 19. e3 Qe6 20. Rfd1 Bg4 21. Bxe4 Bxd1
22. Bxh7+ Kh8 23. Rxd1 Ne5 24. Bf5 Qf6 25. f4 gxf4 26. gxf4 Nf3+ 27. Kh1 d5 28.
cxd5 cxd5 29. Bg4 Nh4 30. Ne2 Qc6 31. Qxc6 bxc6 32. Be7 Ng6 33. Bxd8 Rxd8 34.
Rc1 Ne7 35. Kg2 Rb8 36. Kf2 Rxb3 37. Rc5 Rb2 38. Rxa5 d4 39. exd4 Bxd4+ 40. Kf3
Bf6 41. Be6 Ng6 42. Ra8+ Kg7 43. Ng3 Ne7 44. Kg4 Bd4 45. Re8 Kf6 46. f5 Rb4 47.
Ne4+ Ke5 48. Nd2 Bc3+ 49. Nc4+ 1-0

[Event "Mittelfrankenliga 05/06 (B2a)"]
[Site "Mfr.2005/06-R2"]
[Date "2005.11.20"]
[Round "2.2"]
[White "Haubold, Martin"]
[Black "Reichenberger, Helmut,Dr."]
[Result "0-1"]
[WhiteElo "2008"]
[BlackElo "1837"]
[Annotator "Forchheim3-Eckental1"]
[PlyCount "44"]
[EventDate "2005.11.20"]
[SourceDate "2005.10.17"]

1. d4 d6 2. c4 e5 3. d5 f5 4. Nc3 Nf6 5. f3 Be7 6. e4 a6 7. Bd3 fxe4 8. Bxe4
Nbd7 9. Be3 Nxe4 10. Nxe4 Nf6 11. Nxf6+ Bxf6 12. Qd2 Bf5 13. g4 Bh4+ 14. Bf2
Bg6 15. O-O-O Bxf2 16. Qxf2 Qg5+ 17. Rd2 O-O 18. h4 Qf4 19. h5 Qxc4+ 20. Kd1
Be4 21. b3 Qb5 22. Ne2 Bxf3 0-1

[Event "Mittelfrankenliga 05/06 (B2a)"]
[Site "Mfr.2005/06-R2"]
[Date "2005.11.20"]
[Round "2.4"]
[White "Foerstel, Stefan"]
[Black "Bauer, Klaus[66]"]
[Result "1-0"]
[WhiteElo "1823"]
[BlackElo "1798"]
[Annotator "Forchheim3-Eckental1"]
[PlyCount "75"]
[EventDate "2005.11.20"]
[SourceDate "2005.10.17"]

1. e4 c5 2. Nf3 Nc6 3. d4 cxd4 4. Nxd4 d6 5. Nc3 e5 6. Ndb5 a6 7. Na3 b5 8. Nd5
Nf6 9. f3 Nxd5 10. Qxd5 Qc7 11. Be3 Be6 12. Qd2 Be7 13. c3 O-O 14. Nc2 f5 15.
Bd3 Rad8 16. exf5 Bxf5 17. Bxf5 Rxf5 18. Qd5+ Kh8 19. O-O Rdf8 20. Bf2 e4 21.
Qxe4 d5 22. Qe2 Bd6 23. h3 Ne5 24. Nd4 R5f6 25. a4 bxa4 26. Rxa4 Qd7 27. Rxa6
Ng6 28. Be3 Re8 29. Ra2 Nf4 30. Qd2 Nxh3+ 31. gxh3 Qxh3 32. Rf2 Rg6+ 33. Rg2
Bh2+ 34. Kf1 h6 35. b4 Rxe3 36. Qxe3 Bf4 37. Qe8+ Kh7 38. Qxg6+ 1-0

[Event "Mittelfrankenliga 05/06 (B2a)"]
[Site "Mfr.2005/06-R2"]
[Date "2005.11.20"]
[Round "2.5"]
[White "Collin, Klaus"]
[Black "Radeck, Jochen,Dr."]
[Result "0-1"]
[WhiteElo "1856"]
[BlackElo "1891"]
[Annotator "Forchheim3-Eckental1"]
[PlyCount "84"]
[EventDate "2005.11.20"]
[SourceDate "2005.10.17"]

1. d4 Nf6 2. c4 e6 3. Nc3 d5 4. Bg5 Be7 5. e3 O-O 6. Nf3 b6 7. cxd5 Nxd5 8.
Bxe7 Nxe7 9. Be2 Bb7 10. Rc1 Nd7 11. O-O c5 12. dxc5 Nxc5 13. Qxd8 Rfxd8 14.
Rfd1 Rxd1+ 15. Rxd1 Nd5 16. Nxd5 Bxd5 17. b3 Kf8 18. Rc1 a5 19. Nd2 Ke7 20. f3
f5 21. Kf1 Rd8 22. Bb5 Bc6 23. Bxc6 Rxd2 24. Ra1 Nd3 25. a3 Rf2+ 26. Kg1 Rb2
27. e4 Rxb3 28. exf5 exf5 29. a4 Rb2 30. Bb5 Nf4 31. Re1+ Kf6 32. g3 Nh3+ 33.
Kh1 Nf2+ 34. Kg1 Nh3+ 35. Kh1 Ng5 36. Rf1 Rd2 37. Kg1 Ne6 38. Rf2 Rxf2 39. Kxf2
f4 40. gxf4 Nxf4 41. Ke3 Ke5 42. Ba6 Nd5+ 0-1

[Event "Mittelfrankenliga 05/06 (B2a)"]
[Site "Mfr.2005/06-R2"]
[Date "2005.11.20"]
[Round "2.6"]
[White "Gueldner, Udo"]
[Black "Laibold, Lorenz"]
[Result "1-0"]
[WhiteElo "1773"]
[BlackElo "1738"]
[Annotator "Forchheim3-Eckental1"]
[PlyCount "123"]
[EventDate "2005.11.20"]
[SourceDate "2005.10.17"]

1. d4 Nf6 2. Nf3 d6 3. e3 Nbd7 4. Nbd2 c6 5. Bd3 e5 6. O-O Be7 7. c3 O-O 8. Re1
Qc7 9. e4 Rb8 10. Nf1 b5 11. Ng3 Re8 12. Nf5 Bf8 13. Bg5 h6 14. Bh4 g6 15. dxe5
dxe5 16. Ne3 Bg7 17. Qc2 Nh5 18. Rad1 Nc5 19. b4 Nxd3 20. Qxd3 Bf8 21. Bg3 Nxg3
22. hxg3 Be6 23. Qe2 Bg7 24. Qc2 Rbd8 25. Re2 a5 26. Red2 Rxd2 27. Rxd2 axb4
28. cxb4 Bf8 29. a3 Ra8 30. Rd3 Qb7 31. Nxe5 Rc8 32. Rc3 Bg7 33. f4 Bxe5 34.
fxe5 Qb6 35. Rc5 Qa6 36. Qc3 Bd7 37. Nc2 Be6 38. Nd4 Bc4 39. e6 fxe6 40. Re5
Qa4 41. Nxe6 Qd1+ 42. Kh2 Qb3 43. Qxb3 Bxb3 44. Nd4 Bf7 45. Rc5 Be8 46. Nxb5
Bd7 47. Nd4 Ra8 48. Rc3 Re8 49. Nxc6 Rxe4 50. Na5 Re2 51. Nb3 Ra2 52. Nd4 Rd2
53. Nf3 Rb2 54. Ne5 Bf5 55. Re3 Kg7 56. Nc4 Rc2 57. Nd6 Bg4 58. b5 Rb2 59. a4
Be2 60. Rxe2 Rxe2 61. b6 Kf6 62. b7 1-0

[Event "Mittelfrankenliga 05/06 (B2a)"]
[Site "Mfr.2005/06-R2"]
[Date "2005.11.20"]
[Round "2.8"]
[White "Geier, Erhard"]
[Black "Feldmann, Gerhard"]
[Result "1/2-1/2"]
[WhiteElo "1733"]
[BlackElo "1825"]
[Annotator "Forchheim3-Eckental1"]
[PlyCount "68"]
[EventDate "2005.11.20"]
[SourceDate "2005.10.17"]

1. e4 c5 2. Nf3 Nc6 3. d4 cxd4 4. Nxd4 Nf6 5. Nc3 d6 6. Bc4 e6 7. Bb3 Be7 8.
Be3 O-O 9. O-O d5 10. exd5 exd5 11. h3 Na5 12. Qf3 Nxb3 13. axb3 a6 14. Rfd1
Be6 15. Nf5 g6 16. Nxe7+ Qxe7 17. Bg5 Kg7 18. Qe3 Rae8 19. Rd4 Qc7 20. Bxf6+
Kxf6 21. Qh6 Qe5 22. Rad1 Rd8 23. Ne4+ Ke7 24. Qh4+ f6 25. f4 Qc7 26. Qxh7+ Bf7
27. Ng3 Qd7 28. Qh4 Rh8 29. Qg4 Qxg4 30. hxg4 Rd6 31. c4 Rhd8 32. Re1+ Re6 33.
Red1 Red6 34. Re1+ Re6 1/2-1/2

[Event "Mittelfrankenliga 05/06 (B2a)"]
[Site "Mfr.2005/06-R2"]
[Date "2005.11.20"]
[Round "2.7"]
[White "Hager, Lothar"]
[Black "Walter, Eugen[58]"]
[Result "0-1"]
[WhiteElo "1540"]
[BlackElo "1798"]
[Annotator "Forchheim3-Eckental1"]
[PlyCount "95"]
[EventDate "2005.11.20"]
[SourceDate "2005.10.17"]

1. Nf3 f5 2. d3 d6 3. g3 g6 4. Bg2 Bg7 5. Nbd2 c6 6. c3 e5 7. O-O Nh6 8. Re1
Nf7 9. Qc2 O-O 10. Nf1 Be6 11. Bd2 Nd7 12. Rad1 g5 13. h4 h6 14. hxg5 hxg5 15.
N3h2 Qf6 16. e3 g4 17. Bc1 Bh6 18. b3 Rfe8 19. Qe2 Qg6 20. f4 gxf3 21. Nxf3 Nf6
22. Nh4 Qg5 23. Qf3 e4 24. Qf4 Qh5 25. Qf2 Ng4 26. Qe2 d5 27. Nh2 f4 28. dxe4
fxg3 29. Nxg4 Bxg4 30. Bf3 Qxh4 31. Bxg4 Ne5 32. Bf5 dxe4 33. Rf1 Nf3+ 34. Rxf3
Qh2+ 35. Qxh2 gxh2+ 36. Kxh2 exf3 37. Rg1+ Kh8 38. c4 Bg7 39. e4 Be5+ 40. Kh3
Rg8 41. Bg5 f2 42. Rf1 Rxg5 43. Rxf2 Rd8 44. Rf3 Rd2 45. Kh4 Bf6 46. Bg4 Rf5+
47. Kh3 Rxf3+ 48. Bxf3 0-1

[Event "Mittelfrankenliga 05/06 (B2a)"]
[Site "Mfr.2005/06-R2"]
[Date "2005.11.20"]
[Round "2.3"]
[White "Theimer, Matthias"]
[Black "Balle, Alfred"]
[Result "0-1"]
[WhiteElo "1748"]
[BlackElo "1911"]
[Annotator "Forchheim3-Eckental1"]
[PlyCount "82"]
[EventDate "2005.11.20"]
[SourceDate "2005.10.17"]

1. c4 Nf6 2. Nc3 e6 3. Nf3 b6 4. g3 Bb7 5. Bg2 Bb4 6. O-O Bxc3 7. bxc3 O-O 8.
d3 d6 9. Qc2 Nbd7 10. Nd4 Bxg2 11. Kxg2 c5 12. Nf3 d5 13. Qb3 Qc7 14. a4 Qc6
15. Bf4 Nh5 16. cxd5 Nxf4+ 17. gxf4 exd5 18. Rg1 Rfe8 19. Kf1 Re7 20. d4 f6 21.
e3 Rd8 22. Ke2 Qd6 23. Nh4 Qe6 24. Qb1 Nf8 25. a5 cxd4 26. cxd4 Rc7 27. axb6
axb6 28. Ra6 Rdc8 29. Qf5 Qc6 30. Kf3 g6 31. Qd3 Rg7 32. Rb1 Nd7 33. Rb5 Qe6
34. f5 gxf5 35. Nxf5 Rg5 36. Ng3 h5 37. Ke2 h4 38. f4 Qg4+ 39. Kd2 Rg7 40. Nf5
Qg2+ 41. Ke1 Rc1+ 0-1

[Event "Mittelfrankenliga 05/06 (B2a)"]
[Site "Mfr.2005/06-R2"]
[Date "2005.11.20"]
[Round "2.1"]
[White "Schatz, Christian"]
[Black "Goetz, Dieter[65]"]
[Result "1-0"]
[WhiteElo "2108"]
[BlackElo "1872"]
[Annotator "Nbg.1911/2-SZ Fürth1"]
[PlyCount "47"]
[EventDate "2005.11.20"]
[SourceDate "2005.10.17"]

1. d4 Nf6 2. Nf3 d6 3. Nbd2 Nbd7 4. e4 c6 5. Bc4 Nb6 6. Bb3 Bg4 7. e5 dxe5 8.
Nxe5 Be6 9. Bxe6 fxe6 10. Ndf3 Qd5 11. O-O h6 12. Qd3 Qe4 13. Qb3 Nfd5 14. Re1
Qf5 15. c4 O-O-O 16. cxd5 exd5 17. Nh4 Qf6 18. Qh3+ Kb8 19. Neg6 Rg8 20. Bf4+
Ka8 21. Be5 Qf7 22. Bc7 Re8 23. Ne5 Qf6 24. Bxb6 1-0

[Event "Mittelfrankenliga 05/06 (B2a)"]
[Site "Mfr.2005/06-R2"]
[Date "2005.11.20"]
[Round "2.2"]
[White "Hannweber, Markus"]
[Black "Aronow, Maxim"]
[Result "0-1"]
[WhiteElo "1853"]
[BlackElo "2291"]
[Annotator "Nbg.1911/2-SZ Fürth1"]
[PlyCount "62"]
[EventDate "2005.11.20"]
[SourceDate "2005.10.17"]

1. e4 c5 2. Nf3 d6 3. d4 cxd4 4. Nxd4 Nf6 5. Nc3 a6 6. a4 e5 7. Nb3 Be6 8. Bg5
Nbd7 9. Be2 Be7 10. O-O O-O 11. Qd2 Rc8 12. a5 d5 13. exd5 Nxd5 14. Bxe7 Nxe7
15. Rfd1 Qc7 16. Qd6 Nf6 17. Bf3 Bg4 18. Bxg4 Nxg4 19. Qb4 e4 20. g3 f5 21. h3
Ne3 22. Rd2 Nc4 23. Re2 Nxb2 24. Nd1 Nc4 25. Nd4 Nd5 26. Qb3 Qe5 27. c3 Kh8 28.
Qxb7 f4 29. gxf4 Nxf4 30. Rxe4 Qg5+ 31. Kf1 Qg2+ 0-1

[Event "Mittelfrankenliga 05/06 (B2a)"]
[Site "Mfr.2005/06-R2"]
[Date "2005.11.20"]
[Round "2.3"]
[White "Eckhardt, Wladislaw"]
[Black "Dereser, Marc"]
[Result "1-0"]
[WhiteElo "2144"]
[BlackElo "1851"]
[Annotator "Nbg.1911/2-SZ Fürth1"]
[PlyCount "91"]
[EventDate "2005.11.20"]
[SourceDate "2005.10.17"]

1. Nf3 d5 2. c4 e6 3. g3 Nf6 4. Bg2 c6 5. b3 dxc4 6. bxc4 Bc5 7. O-O O-O 8. Bb2
Nbd7 9. Qc2 Qe7 10. d4 Bd6 11. Nh4 c5 12. d5 Be5 13. Nc3 exd5 14. Nf5 Qd8 15.
cxd5 Nb6 16. Rad1 Nc4 17. Ba1 Nd6 18. Nxd6 Bxd6 19. Nb5 Re8 20. Nxd6 Qxd6 21.
e4 Ng4 22. h3 Ne5 23. f4 Ng6 24. e5 Qb6 25. Rfe1 Nf8 26. f5 Qc7 27. g4 Bd7 28.
e6 fxe6 29. fxe6 Nxe6 30. dxe6 Bxe6 31. Rxe6 Rxe6 32. Bd5 Qg3+ 33. Qg2 Qe3+ 34.
Qf2 Qxf2+ 35. Kxf2 Kf7 36. Re1 Rae8 37. Rxe6 Rxe6 38. Bxe6+ Kxe6 39. Bxg7 b5
40. Ke3 Kd5 41. h4 b4 42. h5 c4 43. g5 Ke6 44. Bd4 Kf5 45. g6 hxg6 46. h6 1-0

[Event "Mittelfrankenliga 05/06 (B2a)"]
[Site "Mfr.2005/06-R2"]
[Date "2005.11.20"]
[Round "2.4"]
[White "Hennig, Andreas"]
[Black "Hepting, Heinrich"]
[Result "0-1"]
[WhiteElo "1837"]
[BlackElo "2155"]
[Annotator "Nbg.1911/2-SZ Fürth1"]
[PlyCount "42"]
[EventDate "2005.11.20"]
[SourceDate "2005.10.17"]

1. d4 Nf6 2. c4 g6 3. Nc3 Bg7 4. e4 d6 5. f3 O-O 6. Bd3 Nc6 7. Nge2 e5 8. Be3
Ng4 9. fxg4 exd4 10. Bf2 dxc3 11. Nxc3 Ne5 12. Be2 c6 13. O-O Be6 14. c5 dxc5
15. Bxc5 Re8 16. h3 Qg5 17. Qe1 Nxg4 18. Bxa7 Rxa7 19. Bxg4 Bxg4 20. hxg4 Bd4+
21. Kh1 Qh6+ 0-1

[Event "Mittelfrankenliga 05/06 (B2a)"]
[Site "Mfr.2005/06-R2"]
[Date "2005.11.20"]
[Round "2.5"]
[White "Stolpynskyy, Mark"]
[Black "Zimmer, Frank,Dr."]
[Result "1-0"]
[WhiteElo "2114"]
[BlackElo "1807"]
[Annotator "Nbg.1911/2-SZ Fürth1"]
[PlyCount "151"]
[EventDate "2005.11.20"]
[SourceDate "2005.10.17"]

1. d4 Nf6 2. Nf3 g6 3. Bf4 Bg7 4. e3 O-O 5. Be2 d6 6. h3 c6 7. c3 a5 8. Nbd2 b5
9. a3 Na6 10. O-O Bd7 11. e4 Qb6 12. Bh2 c5 13. e5 Ne8 14. Ne4 cxd4 15. Qxd4
Qxd4 16. cxd4 d5 17. Nc3 Nec7 18. Bf4 e6 19. Rac1 Rfc8 20. Nb1 Bf8 21. Nfd2 b4
22. Be3 Bb5 23. Bxb5 Nxb5 24. a4 Na7 25. Nb3 Nc6 26. Rc2 Nab8 27. Rfc1 Ra6 28.
Nc5 Bxc5 29. Rxc5 Nd7 30. R5c2 Kf8 31. b3 Ndb8 32. g4 Ke7 33. Nd2 h5 34. Kg2
Kd7 35. Nf3 Ne7 36. Rxc8 Nxc8 37. Ng5 Rc6 38. Rxc6 Nxc6 39. Nxf7 Ke7 40. Ng5
hxg4 41. hxg4 Nb6 42. Nf3 Kf7 43. Kf1 Nd7 44. Ke2 Nf8 45. Ne1 Nd7 46. f4 Nf8
47. Nd3 Nd7 48. Kd2 Ke7 49. Nc1 Nb6 50. Kd3 Nd8 51. Ne2 Nf7 52. Ng3 Nh6 53. f5
Nxg4 54. Bg5+ Kf7 55. fxg6+ Kxg6 56. Bd8 Nd7 57. Bxa5 Ndxe5+ 58. dxe5 Nxe5+ 59.
Ke2 Nc6 60. Bb6 Kf6 61. a5 Nb8 62. Bc7 Na6 63. Bb6 Ke5 64. Kd3 Kf4 65. Ne2+ Ke5
66. Nd4 Kd6 67. Nb5+ Kc6 68. Na7+ Kd6 69. Nb5+ Kc6 70. Nd4+ Kd6 71. Nc2 e5 72.
Ke3 Ke6 73. Ne1 Kd6 74. Nd3 e4 75. Nf4 Ke5 76. Ne2 1-0

[Event "Mittelfrankenliga 05/06 (B2a)"]
[Site "Mfr.2005/06-R2"]
[Date "2005.11.20"]
[Round "2.6"]
[White "Huger, Horst"]
[Black "Schatz, Werner[33]"]
[Result "1/2-1/2"]
[WhiteElo "1825"]
[BlackElo "2010"]
[Annotator "Nbg.1911/2-SZ Fürth1"]
[PlyCount "99"]
[EventDate "2005.11.20"]
[SourceDate "2005.10.17"]

1. e4 g6 2. d4 Bg7 3. Nf3 c6 4. h3 d5 5. e5 f6 6. Bf4 Nd7 7. Bd3 f5 8. O-O e6
9. Re1 Nh6 10. Nbd2 O-O 11. c4 Nf7 12. Rc1 Re8 13. Qb3 Nb6 14. c5 Nd7 15. Qc2
Nf8 16. Nf1 Bd7 17. Qd2 h6 18. g4 g5 19. Bh2 f4 20. Bb1 Qe7 21. Qd3 Reb8 22.
N1d2 Be8 23. h4 b6 24. hxg5 hxg5 25. Kg2 Nh8 26. Rh1 Bg6 27. Qa3 Bxb1 28. Rxb1
bxc5 29. Rbc1 Rb5 30. Nb3 Rab8 31. Rxc5 Rxc5 32. Qxc5 Qxc5 33. Nxc5 Nf7 34. b3
Re8 35. Rc1 Bh6 36. Nb7 Rc8 37. Rc5 Rc7 38. Nd6 Nd7 39. Nxf7 Kxf7 40. Rc2 Kg6
41. b4 Bf8 42. a3 a5 43. bxa5 Bxa3 44. a6 Be7 45. a7 Rxa7 46. Rxc6 Kf7 47. Rc8
Rb7 48. Rh8 Kg7 49. Rh5 Kg6 50. Rh8 1/2-1/2

[Event "Mittelfrankenliga 05/06 (B2a)"]
[Site "Mfr.2005/06-R2"]
[Date "2005.11.20"]
[Round "2.7"]
[White "Pidtoptanyy, Igor"]
[Black "Huebl, Hans"]
[Result "1-0"]
[WhiteElo "1871"]
[BlackElo "1920"]
[Annotator "Nbg.1911/2-SZ Fürth1"]
[PlyCount "109"]
[EventDate "2005.11.20"]
[SourceDate "2005.10.17"]

1. e4 c6 2. d4 d5 3. Nc3 Nf6 4. e5 Nfd7 5. Nf3 e6 6. Be2 c5 7. Bb5 Nc6 8. Bxc6
bxc6 9. O-O Be7 10. Re1 Bb7 11. Ne2 cxd4 12. Qxd4 Qc7 13. Ng3 g6 14. Bh6 c5 15.
Qf4 d4 16. Ne4 Bxe4 17. Qxe4 Rb8 18. b3 Nb6 19. Nd2 Nd5 20. Nc4 Rg8 21. h4 Qd8
22. Qf3 Qc7 23. g3 Rd8 24. Bd2 Rd7 25. c3 dxc3 26. Bxc3 Kf8 27. Ba5 Qb8 28.
Rad1 Kg7 29. Ne3 Qb5 30. Nxd5 Rxd5 31. Bc3 Rgd8 32. Rxd5 Rxd5 33. Rd1 Qd7 34.
Rxd5 Qxd5 35. Qe2 Kg8 36. Bd2 h5 37. Bf4 Qd4 38. Qb5 Qd8 39. Be3 Qc8 40. Qc4 a5
41. Qb5 Kg7 42. Qxa5 Qc6 43. Qc3 Qd5 44. a4 Kh7 45. a5 Kg7 46. a6 Qa8 47. Qa5
g5 48. hxg5 h4 49. gxh4 Qf3 50. Qa4 c4 51. Qxc4 Bd8 52. a7 Bc7 53. Qf4 Qd1+ 54.
Kg2 Qd5+ 55. Qf3 1-0

[Event "Mittelfrankenliga 05/06 (B2a)"]
[Site "Mfr.2005/06-R2"]
[Date "2005.11.20"]
[Round "2.8"]
[White "Froehlich, Caroline"]
[Black "Bavin, Fedor"]
[Result "1/2-1/2"]
[WhiteElo "1557"]
[BlackElo "1679"]
[Annotator "Nbg.1911/2-SZ Fürth1"]
[PlyCount "39"]
[EventDate "2005.11.20"]
[SourceDate "2005.10.17"]

1. c4 e5 2. Nc3 b6 3. e3 Bb7 4. d4 exd4 5. exd4 Bb4 6. Bd2 Qe7+ 7. Nge2 Nf6 8.
Qc2 O-O 9. Be3 d5 10. Nf4 dxc4 11. Bxc4 Bd6 12. O-O Nbd7 13. Rfe1 Rfe8 14. Nfd5
Nxd5 15. Bxd5 c6 16. Bf3 Nf6 17. Qa4 Qc7 18. g3 Re6 19. Rac1 a6 20. d5 1/2-1/2

[Event "Mittelfrankenliga 05/06 (B2a)"]
[Site "Mfr.2005/06-R2"]
[Date "2005.11.20"]
[Round "2.1"]
[White "Nickmann, Peter"]
[Black "Regnat, Markus"]
[Result "1/2-1/2"]
[WhiteElo "1924"]
[BlackElo "2042"]
[Annotator "Neumarkt1-SF Fürth2"]
[PlyCount "76"]
[EventDate "2005.11.20"]
[SourceDate "2005.10.17"]

1. e4 g6 2. d4 Bg7 3. Nc3 d6 4. Be3 c6 5. Qd2 Nd7 6. a3 Qc7 7. Nf3 Ngf6 8. Bh6
O-O 9. Bxg7 Kxg7 10. Be2 e5 11. O-O h6 12. Rad1 Re8 13. Rfe1 Qb6 14. Na4 Qc7
15. Nc3 Nf8 16. h3 Ne6 17. dxe5 dxe5 18. Bc4 Nf4 19. Qd6 Qxd6 20. Rxd6 Re7 21.
Red1 Be6 22. Bxe6 Nxe6 23. Nxe5 Nc5 24. Nf3 Ncxe4 25. Nxe4 Rxe4 26. Rd8 Rxd8
27. Rxd8 Re2 28. Rd2 Rxd2 29. Nxd2 Nd5 30. g3 Kf6 31. Kf1 b6 32. Ke2 Ke5 33.
Kd3 f5 34. c4 Ne7 35. f4+ Kf6 36. Ke3 c5 37. Nf3 Nc6 38. h4 Ke6 1/2-1/2

[Event "Mittelfrankenliga 05/06 (B2a)"]
[Site "Mfr.2005/06-R2"]
[Date "2005.11.20"]
[Round "2.2"]
[White "Simon, Martin"]
[Black "Koschka, Robert"]
[Result "1/2-1/2"]
[WhiteElo "1922"]
[BlackElo "1834"]
[Annotator "Neumarkt1-SF Fürth2"]
[PlyCount "85"]
[EventDate "2005.11.20"]
[SourceDate "2005.10.17"]

1. e4 e5 2. Nf3 Nc6 3. d4 Nf6 4. dxe5 Nxe4 5. Qd5 Nc5 6. Bc4 Ne6 7. O-O Nb4 8.
Qe4 Be7 9. Bd2 a5 10. a3 Nc6 11. Qg4 O-O 12. Bh6 Kh8 13. Bxe6 gxh6 14. Bf5 d6
15. Rd1 Bxf5 16. Qxf5 Qc8 17. Qxc8 Raxc8 18. exd6 Bxd6 19. Nc3 Rce8 20. Nb5 Bc5
21. Kf1 Bb6 22. Rd7 Nb8 23. Rd3 Nc6 24. Rad1 Ne5 25. Rc3 Nxf3 26. Rxf3 Re5 27.
c4 Re7 28. Rf5 c6 29. c5 Bc7 30. Nxc7 Rxc7 31. Rd6 Kg7 32. Rff6 Re7 33. Rxh6
Rfe8 34. g3 Re1+ 35. Kg2 Rb1 36. Rh4 Rxb2 37. Rdh6 Rh8 38. R6h5 Rd2 39. Rg4+
Kf6 40. Ra4 Kg6 41. Rhh4 Rd5 42. Rxa5 b5 43. Rg4+ 1/2-1/2

[Event "Mittelfrankenliga 05/06 (B2a)"]
[Site "Mfr.2005/06-R2"]
[Date "2005.11.20"]
[Round "2.3"]
[White "Koerber, Thomas"]
[Black "Brunner, Wolfgang"]
[Result "1/2-1/2"]
[WhiteElo "1920"]
[BlackElo "1941"]
[Annotator "Neumarkt1-SF Fürth2"]
[PlyCount "45"]
[EventDate "2005.11.20"]
[SourceDate "2005.10.17"]

1. e4 e6 2. d3 d5 3. Nd2 c5 4. Ngf3 Nc6 5. g3 Nf6 6. Bg2 Be7 7. O-O O-O 8. Re1
dxe4 9. dxe4 e5 10. c3 b5 11. a4 b4 12. Nc4 Qc7 13. Ne3 Bg4 14. Nxg4 Nxg4 15.
Nd2 Nf6 16. Nc4 Rad8 17. Qe2 Qd7 18. Ne3 Na5 19. Nd5 Nb3 20. Rb1 Nxd5 21. exd5
bxc3 22. bxc3 Nxc1 23. Rexc1 1/2-1/2

[Event "Mittelfrankenliga 05/06 (B2a)"]
[Site "Mfr.2005/06-R2"]
[Date "2005.11.20"]
[Round "2.4"]
[White "Weidenhoefer, Martin"]
[Black "Beck, Gerhard[46]"]
[Result "0-1"]
[WhiteElo "1910"]
[BlackElo "1935"]
[Annotator "Neumarkt1-SF Fürth2"]
[PlyCount "52"]
[EventDate "2005.11.20"]
[SourceDate "2005.10.17"]

1. e4 g6 2. d4 Bg7 3. Bc4 d6 4. c3 Nd7 5. Qb3 e6 6. Ne2 Ngf6 7. f3 Nb6 8. Bd3
O-O 9. Bg5 e5 10. Nd2 Bd7 11. a4 a5 12. Nc4 Nxc4 13. Bxc4 Rb8 14. Rd1 Qe8 15.
Ra1 h6 16. Be3 b6 17. d5 Kh7 18. Bb5 Qe7 19. Bxd7 Nxd7 20. Qc4 f5 21. b4 fxe4
22. fxe4 Qh4+ 23. Ng3 Nf6 24. O-O Ng4 25. h3 Nxe3 26. Qxc7 Qxg3 0-1

[Event "Mittelfrankenliga 05/06 (B2a)"]
[Site "Mfr.2005/06-R2"]
[Date "2005.11.20"]
[Round "2.5"]
[White "Vinokur, Mykhaylo"]
[Black "Kipferl, Wolfgang,Dr."]
[Result "0-1"]
[WhiteElo "1787"]
[BlackElo "1832"]
[Annotator "Neumarkt1-SF Fürth2"]
[PlyCount "110"]
[EventDate "2005.11.20"]
[SourceDate "2005.10.17"]

1. e4 d6 2. d4 g6 3. Nc3 Bg7 4. f4 Nc6 5. Be3 e5 6. dxe5 dxe5 7. Qxd8+ Kxd8 8.
O-O-O+ Bd7 9. Nd5 Nge7 10. Nf3 f6 11. fxe5 Nxd5 12. Rxd5 Nxe5 13. Nxe5 fxe5 14.
Be2 Ke8 15. Bf3 Be6 16. Rd2 Rf8 17. Rhd1 Rf7 18. b3 Rd7 19. Rxd7 Bxd7 20. c4 b6
21. Kc2 Be6 22. Kc3 Rd8 23. Rxd8+ Kxd8 24. Bg5+ Kd7 25. Be3 Bf6 26. h3 Kc6 27.
a3 Be7 28. a4 a5 29. Be2 Bc5 30. Bxc5 Kxc5 31. Bf3 c6 32. Be2 Bd7 33. Bd3 h5
34. h4 Kd6 35. Kd2 Be6 36. Kc3 Bg4 37. Kd2 Kc5 38. Kc3 Bd1 39. Bf1 Kd6 40. Bd3
Ke7 41. Bf1 Kf6 42. Bd3 g5 43. g3 g4 44. Bc2 Bf3 45. Bd3 Ke6 46. Bc2 Kd6 47.
Bb1 Kc5 48. Bd3 Bg2 49. Bc2 Bf1 50. Bd3 Bxd3 51. Kxd3 Kb4 52. Kc2 Ka3 53. Kc3
c5 54. Kc2 Ka2 55. Kc3 Kb1 0-1

[Event "Mittelfrankenliga 05/06 (B2a)"]
[Site "Mfr.2005/06-R2"]
[Date "2005.11.20"]
[Round "2.6"]
[White "Niebler, Andreas"]
[Black "Buchta, Juergen"]
[Result "1-0"]
[WhiteElo "1826"]
[BlackElo "1787"]
[Annotator "Neumarkt1-SF Fürth2"]
[PlyCount "109"]
[EventDate "2005.11.20"]
[SourceDate "2005.10.17"]

1. d4 Nf6 2. c4 g6 3. Nc3 d6 4. e4 Bg7 5. f3 Nbd7 6. Be3 c6 7. Qd2 O-O 8. Nge2
e5 9. d5 c5 10. g4 h5 11. h3 Nb6 12. Nc1 a5 13. a4 Bd7 14. Bd3 Nh7 15. N1e2 Nf6
16. b3 Nc8 17. O-O-O Qb6 18. Kc2 Kh7 19. Rdg1 Ne7 20. f4 Rg8 21. Qe1 Nc8 22.
Qh4 Qd8 23. g5 Ne8 24. f5 Rh8 25. Rf1 Nc7 26. Qf2 Na6 27. Na2 Qe8 28. Nec3 Nb4+
29. Nxb4 axb4 30. Nb5 Bxb5 31. cxb5 b6 32. Ra1 Ra7 33. Ra2 Qd7 34. f6 Bf8 35.
Kb2 Kg8 36. Bf1 Ra5 37. Qf3 Qc7 38. Rh2 Rh7 39. Rc2 Qd7 40. Bd2 Qd8 41. h4 Na7
42. Kb1 Qe8 43. Qe3 Qd8 44. Rc1 Nc8 45. Bh3 Ra8 46. Qe1 Na7 47. Bxb4 cxb4 48.
Qxb4 Qb8 49. Rac2 Rh8 50. Rc7 Rh7 51. Qc4 Qe8 52. Qd3 Qb8 53. Bf1 Qd8 54. Qh3
Qb8 55. Qd7 1-0

[Event "Mittelfrankenliga 05/06 (B2a)"]
[Site "Mfr.2005/06-R2"]
[Date "2005.11.20"]
[Round "2.7"]
[White "Holzschuh, Tobias"]
[Black "Moesl, Sebastian"]
[Result "0-1"]
[WhiteElo "1639"]
[BlackElo "1759"]
[Annotator "Neumarkt1-SF Fürth2"]
[PlyCount "116"]
[EventDate "2005.11.20"]
[SourceDate "2005.10.17"]

1. d4 d5 2. Nf3 Nf6 3. c4 e6 4. Nc3 Nbd7 5. e3 c6 6. c5 Qc7 7. b4 Be7 8. Be2
O-O 9. Nd2 e5 10. O-O Re8 11. Nb3 Nf8 12. dxe5 Qxe5 13. Bb2 Bd8 14. Na4 Qg5 15.
Nd4 Bh3 16. Bf3 Ng6 17. Kh1 Bc7 18. Nxc6 Bxg2+ 19. Bxg2 bxc6 20. Bxf6 Qxf6 21.
Qf3 Qe5 22. Qh3 Nf8 23. Rfd1 Re6 24. Kg1 Rh6 25. Qg3 Qxa1 26. Rxa1 Bxg3 27.
hxg3 Rb8 28. a3 f5 29. Nc3 a6 30. Bf1 Ra8 31. Na4 Nd7 32. Rc1 Re6 33. Kg2 g6
34. Bd3 Kg7 35. Nb6 Nxb6 36. cxb6 Rb8 37. b7 Rxb7 38. Bxa6 Ra7 39. Bc8 Rd6 40.
Rc3 Kf6 41. g4 fxg4 42. Bxg4 Ke7 43. f4 Rf6 44. Kg3 Kd6 45. Bd1 Rb7 46. Ba4 Rb6
47. Bc2 Rf7 48. Kg4 Rc7 49. Bd3 c5 50. bxc5+ Rxc5 51. Rc2 Rxc2 52. Bxc2 Rc6 53.
Bd1 Rc3 54. a4 Rxe3 55. Kg5 d4 56. Bg4 d3 57. a5 Rg3 58. Kh4 Rxg4+ 0-1